000 00708nam a2200253Ia 4500
003 OSt
005 20220918224239.0
006 a|||||r|||| 00| 0
007 ta
008 220917b |||||||| |||| 00| 0 eng d
024 _a227,320
037 _cTextual
040 _aARTS
_cARTS
_beng
041 _2eng
_aeng
082 _aS:4, P0
100 _aKeil Frank C. Ed.
_92621
245 0 _aExplanation and cognition
260 _aCambridge
_bThe MIT Press
_c2000
300 _ax, 396p.
_ccm.
650 _aTHEORY OF KNOWLEDGE; PSYCHOLOGY
_98686
700 _a Wilson Robert A. Ed.
_92620
942 _hS:4, P0
_cTEXL
_2CC
999 _c280684
_d280684